000 00408nam a2200193Ia 4500
001 12846
003 GE_BSU
008 181216s||||||||xx |||||||||||||| ||und||
040 _cGE_BSU
080 _a821.111-32
100 _aGerritsen,Tess.
245 _aLife Support.
260 _aLondon.
260 _bBantam Books.
260 _c2006
300 _a473p;18cm.
653 _aLife Support.
942 _cBK
999 _c46016
_d46016